Statystyki dla Stolice świata z literą „D”

Kliknij tutaj aby rozwiązać quiz!

Ogólne statystyki

  • Ten quiz został rozwiązany 143 razy
    (126 od ostatniego zresetowania)
  • Średni wynik to 29 z 44

Statystyki odpowiedzi

Stolica% Poprawnych
Dublin
92%
Nowe Delhi
85%
Budapeszt
83%
Damaszek
80%
Dżakarta
80%
Dżibuti
80%
Madryt
80%
Amsterdam
76%
Belgrad
76%
Duszanbe
76%
Londyn
76%
Bagdad
73%
Dakar
73%
Dhaka
71%
Dili
71%
Doha
71%
Dżuba
71%
Dodoma
70%
Islamabad
70%
Abudża
68%
Addis Abeba
68%
Mogadiszu
68%
Vaduz
68%
Wiedeń
68%
Andora
67%
Bandżul
65%
Santo Domingo
64%
Aszchabad
62%
Rijad
62%
Windhuk
62%
Jaunde
61%
Katmandu
61%
Luanda
61%
Kapsztad
59%
Montevideo
59%
Ndżamena
59%
Podgorica
59%
Wagadugu
58%
Bandar Seri
Begawan
56%
Bridgetown
55%
Ngerulmud
47%
San Salvador
47%
Naypyidaw
44%
Sri
Dźajawardanapura
Kotte
42%

Rozkład punktacji

Percentyl według liczby udzielonych odpowiedzi

Procent ludzi z każdym wynikiem

Twoja historia wyników

Nie rozwiązałeś tego quizu od ostatniego zresetowania